Português em linha: caderno de actividades, língua portuguesa 5º ano

Salvato in:
Dettagli Bibliografici
Autore principale: Lopes, M. do Céu Vieira
Altri autori: Rola, Dulce Neves
Natura: Sconosciuto
Lingua:portoghese
Pubblicazione: Lisboa Plátano 2002
Edizione:1ª ed
Catalogo:MANES:  Risultati della ricerca del catalogo della biblioteca
Libro di testo Classificazione:
Tags: Aggiungi Tag
Nessun Tag, puoi essere il primo ad aggiungerne!!
Aggiunto a:2016-04-26
Cambiato in:2025-04-25

MARC

LEADER 000000000a22000000004500
001 32087
003 OSt
005 20250425111616.0
008 160427s pt ||||| |||| 00| 0 por d
040 |c centro_manes 
041 1 |a por 
100 1 |a Lopes, M. do Céu Vieira  |9 15028 
245 0 0 |a Português em linha: caderno de actividades, língua portuguesa 5º ano 
250 |a 1ª ed 
260 3 |a Lisboa  |b Plátano  |c 2002 
300 |a 253 p.;  |c 27 cm 
561 |5 pt-BNP  |a Portugal. Biblioteca Nacional de Portugal  |k MANES 
690 |a LEN 
691 |a SE 
700 1 |a Rola, Dulce Neves  |9 16795 
942 |2 ddc  |c BK 
546 |a Portugal 
999 |c 33549  |d 33549 
999 |c manes:33549  |d 33549